000 00727nam a2200253Ia 4500
003 OSt
005 20221005133555.0
006 a|||||r|||| 00| 0
007 ta
008 221004b |||||||| |||| 00| 0 hin d
024 _a31966
037 _cTextual
040 _aCRL
_cCRL
_bhin
041 _2hin
_ahin
082 _aDelta2y7M72x, 152L0.1
100 _aअरविंद
245 0 _aदिव्य जीवन
246 _aDivya jīvana
260 _c1900
300 _a440पृ0
_ccm.
650 _aआध्यात्मिक अनुभव और रहस्यवाद
942 _hDelta2y7M72x, 152L0.1
_cTEXL
_2cc
999 _c1067261
_d1067261